000 00713nam a2200205 a 4500
001 49701
003 BD-RjUL
005 20211209054721.0
008 160822s1969 ii a b 001 0 eng
035 _a(BD-RjUL)49821
040 _aBD-RjUL
_cDLC
_dBD-RjUL
_beng
041 _aeng
082 0 0 _a362.11068
_223
_bHOS 1969
245 0 0 _aHospital administration :
_bCollected papers presented and circulated in the seminar on hospital administration /
_cedited by N.N. Chowdhury
260 _aDacca :
_bNational institute of public administration,
_c[1969?]
300 _axix, 186 p. :
_bill. ;
_c22 cm.
650 0 _aHospitals
_xAdministration.
_9149010
700 1 _aedited by N.N. Chowdhury
_9149011
942 _2ddc
_cBK
999 _c49701
_d49701